[Event "Aeroflot Open 2011 B"]
[Site "Moscu RUS"]
[Date "2011.02.10"]
[Round "3.8"]
[White "Iljushin, Alexei"]
[Black "Barbosa, Oliver"]
[Result "1-0"]
[WhiteElo "2527"]
[BlackElo "2293"]
[PlyCount "211"]
[EventDate "2011.02.08"]
[EventType "swiss"]
[EventRounds "9"]
[EventCountry "RUS"]
[Source "lmi"]
[SourceDate "2011.02.08"]

1. d4 d5 2. c4 c6 3. Nf3 Nf6 4. Nc3 dxc4 5. a4 Bf5 6. Ne5 Nbd7 7. Nxc4 Nb6 8.
Ne5 a5 9. g3 e6 10. Bg2 Bb4 11. O-O O-O 12. e3 h6 13. Qe2 Nfd7 14. Nd3 e5 15.
e4 exd4 16. exf5 dxc3 17. Nxb4 axb4 18. Qg4 Nd5 19. Bxh6 Qf6 20. Bg5 Ne5 21.
Bxf6 Nxg4 22. Bd4 cxb2 23. Bxb2 Nb6 24. h3 Nh6 25. g4 Nxa4 26. Rab1 Rfd8 27.
Ba1 c5 28. f6 gxf6 29. Bxf6 Rd6 30. Be5 Rd7 31. f4 Ra6 32. Rfd1 Rxd1+ 33. Rxd1
f6 34. Bxb7 Rb6 35. Bd5+ Kf8 36. Bc7 Ra6 37. Bc4 Ra7 38. Rd7 Ke8 39. Rh7 Nc3
40. Rh8+ Kd7 41. Bb6 Ra1+ 42. Kg2 b3 43. Bxb3 Rb1 44. Rxh6 Rxb3 45. Bxc5 Nd5
46. f5 Rd3 47. Kf2 Kc6 48. Bf8 Kd7 49. Rh7+ Kc6 50. h4 Nc3 51. Re7 Rh3 52. h5
Kd5 53. Kg2 Rh4 54. Rg7 Ke4 55. Rg6 Nd5 56. Bh6 Ne7 57. Kg3 Nxf5+ 58. gxf5 Rxh5
59. Rxf6 Rxf5 60. Ra6 Rf3+ 61. Kg4 Rd3 62. Bf4 Rd8 63. Rc6 Kd5 64. Rc1 Ra8 65.
Kf3 Ra3+ 66. Be3 Rb3 67. Rd1+ Ke5 68. Rh1 Rb4 69. Rh5+ Ke6 70. Bf4 Rb1 71. Re5+
Kf6 72. Rd5 Ke6 73. Ra5 Kf6 74. Be5+ Ke6 75. Bd4 Re1 76. Be3 Rf1+ 77. Ke4 Rd1
78. Re5+ Kd6 79. Rh5 Kc6 80. Rh6+ Rd6 81. Rh1 Re6+ 82. Kd4 Rd6+ 83. Kc4 Re6 84.
Bd4 Rg6 85. Ra1 Kd7 86. Kd5 Rd6+ 87. Ke4 Kc6 88. Be5 Rd8 89. Rc1+ Kb5 90. Bd4
Ra8 91. Rc5+ Kb4 92. Rc7 Kb5 93. Bc5 Rh8 94. Bd6 Kb6 95. Rc1 Rh3 96. Be5 Kb5
97. Kd5 Kb4 98. Rc8 Kb3 99. Rb8+ Kc2 100. Kc4 Kc1 101. Bc3 Rh4+ 102. Kb3 Rh7
103. Rd8 Rb7+ 104. Bb4 Rb5 105. Rc8+ Kd1 106. Re8 1-0

[Event "Aeroflot Open 2011 B"]
[Site "Moscu RUS"]
[Date "2011.02.10"]
[Round "3.9"]
[White "Antipov, Mikhail Al"]
[Black "Stupak, Kirill"]
[Result "1-0"]
[WhiteElo "2358"]
[BlackElo "2527"]
[PlyCount "117"]
[EventDate "2011.02.08"]
[EventType "swiss"]
[EventRounds "9"]
[EventCountry "RUS"]
[Source "lmi"]
[SourceDate "2011.02.08"]

1. e4 e6 2. d4 d5 3. Nc3 Bb4 4. e5 Qd7 5. a3 Bf8 6. Nf3 b6 7. b4 Ne7 8. Bd3 c6
9. Rb1 Ba6 10. b5 Bb7 11. a4 c5 12. O-O Ng6 13. h4 cxd4 14. Ne2 Qc7 15. Nexd4
Nxe5 16. Nxe5 Qxe5 17. Bb2 Bd6 18. g3 Bc5 19. Re1 Qf6 20. Nf3 Qe7 21. Bxg7 Rg8
22. Bd4 Nd7 23. Bxh7 Rf8 24. Bf5 O-O-O 25. c3 Bd6 26. Bh3 Nc5 27. Bxc5 Bxc5 28.
Nd4 Qf6 29. f4 Kb8 30. Kh2 Rc8 31. Qd3 Bd6 32. a5 Rc4 33. a6 Ba8 34. Nxe6 fxe6
35. Rxe6 Qd8 36. Rbe1 Bc5 37. Qg6 Re4 38. Bf5 Rxe1 39. Rxe1 Bf2 40. Re6 Rg8 41.
Rd6 Qf8 42. Rf6 Qe8 43. Qxe8+ Rxe8 44. Bg6 Rd8 45. Re6 Kc7 46. h5 d4 47. cxd4
Rxd4 48. Re2 Rd1 49. Be4 Bxe4 50. Rxe4 Bg1+ 51. Kg2 Bc5 52. h6 Rd8 53. g4 Kd6
54. g5 Kd5 55. Kf3 Rh8 56. f5 Rf8 57. f6 Bd4 58. Rxd4+ Kxd4 59. Kf4 1-0

[Event "Aeroflot Open 2011 B"]
[Site "Moscu RUS"]
[Date "2011.02.10"]
[Round "3.10"]
[White "Shimanov, Aleksandr"]
[Black "Stukopin, Andrey"]
[Result "1-0"]
[WhiteElo "2520"]
[BlackElo "2462"]
[PlyCount "81"]
[EventDate "2011.02.08"]
[EventType "swiss"]
[EventRounds "9"]
[EventCountry "RUS"]
[Source "lmi"]
[SourceDate "2011.02.08"]

1. d4 c5 2. e3 d5 3. Nf3 Nf6 4. dxc5 Qa5+ 5. Nbd2 e6 6. a3 Bxc5 7. Bd3 O-O 8.
O-O Be7 9. Qe2 b6 10. b4 Qa4 11. Bb2 Bb7 12. c4 Rd8 13. cxd5 Nxd5 14. Rfc1 a5
15. Bb5 Ba6 16. Bxa6 Nxa6 17. b5 Nc5 18. Nd4 Bf6 19. Rc4 Bxd4 20. Bxd4 Qxb5 21.
Bxg7 Nf4 22. Qg4 Ng6 23. Bd4 e5 24. Bc3 Qd7 25. Qxd7 Rxd7 26. Kf1 f6 27. Rb1
Rd6 28. Ke2 Nf8 29. Rg4+ Kf7 30. Nc4 Rc6 31. Bxe5 Nfd7 32. Ba1 Rac8 33. Rd4
R8c7 34. Nd6+ Ke7 35. Nb5 Rb7 36. Rh4 Nf8 37. Nd4 Rcc7 38. Rd1 b5 39. Rh6 Kf7
40. Nf5 Rb6 41. Nd6+ 1-0

[Event "Aeroflot Open 2011 B"]
[Site "Moscu RUS"]
[Date "2011.02.10"]
[Round "3.11"]
[White "Bitoon, Richard"]
[Black "Kotanjian, Tigran"]
[Result "0-1"]
[WhiteElo "2461"]
[BlackElo "2519"]
[PlyCount "96"]
[EventDate "2011.02.08"]
[EventType "swiss"]
[EventRounds "9"]
[EventCountry "RUS"]
[Source "lmi"]
[SourceDate "2011.02.08"]

1. e4 c5 2. Nf3 d6 3. d4 cxd4 4. Nxd4 Nf6 5. Nc3 e6 6. g4 h6 7. Be3 e5 8. Bb5+
Bd7 9. Bxd7+ Qxd7 10. Nf5 Nc6 11. Qf3 O-O-O 12. O-O-O Ne8 13. Nd5 Kb8 14. Rd3
g6 15. Ng3 Bg7 16. Kb1 Nc7 17. Rhd1 Nd4 18. Bxd4 exd4 19. Nxc7 Qxc7 20. Ne2 Rc8
21. R1d2 h5 22. g5 Rhe8 23. Nxd4 d5 24. Rc3 dxe4 25. Rxc7 exf3 26. Rxc8+ Kxc8
27. Nxf3 Rd8 28. c3 Rxd2 29. Nxd2 Kd7 30. Kc2 Ke6 31. Kd3 Kf5 32. Nf3 Kf4 33.
Ke2 Bf8 34. b4 Bg7 35. c4 Bc3 36. a3 Bb2 37. a4 Ba3 38. b5 Be7 39. h3 Ke4 40.
h4 Bb4 41. Nh2 a5 42. Nf1 Kd4 43. Ne3 Kc3 44. f4 Kb3 45. Kd3 Kxa4 46. Kd4 Be1
47. Nd1 Kb4 48. Nb2 Bc3+ 0-1

[Event "Aeroflot Open 2011 B"]
[Site "Moscu RUS"]
[Date "2011.02.10"]
[Round "3.12"]
[White "Khachiyan, Melikset"]
[Black "Delemarre, Jop"]
[Result "1-0"]
[WhiteElo "2518"]
[BlackElo "2455"]
[PlyCount "89"]
[EventDate "2011.02.08"]
[EventType "swiss"]
[EventRounds "9"]
[EventCountry "RUS"]
[Source "lmi"]
[SourceDate "2011.02.08"]

1. d4 g6 2. e4 Bg7 3. Nf3 d6 4. h3 Nf6 5. Nc3 O-O 6. Be2 c5 7. dxc5 dxc5 8.
Qxd8 Rxd8 9. Be3 b6 10. e5 Ne8 11. Ng5 Bb7 12. e6 Bxc3+ 13. bxc3 f6 14. Nf7 Rc8
15. O-O-O Ng7 16. Nh6+ Kf8 17. Rh2 Na6 18. h4 Rd8 19. Re1 Nc7 20. h5 gxh5 21.
Bxh5 Ncxe6 22. Bg4 Be4 23. Bd2 Bd5 24. Nf5 h5 25. Nxg7 Nxg7 26. Bxh5 Nxh5 27.
Rxh5 Bxa2 28. Rh7 Bf7 29. Bh6+ Ke8 30. Bg7 Bg6 31. Bxf6 Bxh7 32. Rxe7+ Kf8 33.
Rxh7 Re8 34. g4 Re1+ 35. Kb2 Rae8 36. g5 Rg1 37. f4 c4 38. f5 Ree1 39. Ka3 a5
40. Ka4 Ref1 41. g6 Ke8 42. Re7+ Kd8 43. g7 Kc8 44. Bd4 Rg5 45. Rf7 1-0

[Event "Aeroflot Open 2011 B"]
[Site "Moscu RUS"]
[Date "2011.02.10"]
[Round "3.13"]
[White "Belous, Vladimir"]
[Black "Sharavdorj, Dashzegve"]
[Result "1/2-1/2"]
[WhiteElo "2497"]
[BlackElo "2452"]
[PlyCount "93"]
[EventDate "2011.02.08"]
[EventType "swiss"]
[EventRounds "9"]
[EventCountry "RUS"]
[Source "lmi"]
[SourceDate "2011.02.08"]

1. d4 Nf6 2. c4 g6 3. Nc3 Bg7 4. e4 d6 5. h3 O-O 6. Bg5 Nbd7 7. Nf3 e5 8. d5 a5
9. Be2 Nc5 10. Nd2 Bd7 11. Rc1 h6 12. Be3 Nh7 13. g4 f5 14. gxf5 gxf5 15. Rg1
Kh8 16. exf5 Bxf5 17. Bxc5 dxc5 18. Bg4 e4 19. Ndxe4 Qe7 20. Bxf5 Rxf5 21. Qd3
Raf8 22. Kd1 Rf3 23. Qe2 Qh4 24. Rc2 Bd4 25. Rd2 Rxh3 26. Nb5 Nf6 27. Ng3 Re8
28. Qf3 Be5 29. Re2 Qf4 30. Qxf4 Bxf4 31. Rxe8+ Nxe8 32. Ne4 c6 33. Nbc3 Nd6
34. Nxd6 Bxd6 35. Ne4 Be5 36. Nxc5 cxd5 37. cxd5 b6 38. Ne4 Rd3+ 39. Ke2 Rxd5
40. Rg6 Rb5 41. b3 Bg7 42. Rc6 a4 43. Nd6 axb3 44. axb3 Rxb3 45. Nf5 Rb5 46.
Nxh6 Bxh6 47. Rxh6+ 1/2-1/2

[Event "Aeroflot Open 2011 B"]
[Site "Moscu RUS"]
[Date "2011.02.10"]
[Round "3.14"]
[White "Poghosyan, Suren"]
[Black "Gundavaa, Bayarsaikhan"]
[Result "0-1"]
[WhiteElo "2317"]
[BlackElo "2493"]
[PlyCount "94"]
[EventDate "2011.02.08"]
[EventType "swiss"]
[EventRounds "9"]
[EventCountry "RUS"]
[Source "lmi"]
[SourceDate "2011.02.08"]

1. d4 Nf6 2. c4 e6 3. Nc3 Bb4 4. e3 O-O 5. Nge2 d5 6. a3 Be7 7. cxd5 exd5 8. g3
a5 9. Bg2 Na6 10. O-O c6 11. f3 c5 12. Bd2 Nc7 13. Be1 b6 14. Bf2 Ba6 15. Re1
Ne6 16. Kh1 Re8 17. Qd2 Ra7 18. Rad1 Rd7 19. Bh3 Ng5 20. Bg2 h6 21. Nf4 Bc4 22.
h4 Ngh7 23. Bh3 Rd6 24. Nd3 Qc7 25. Ne5 Ba6 26. g4 Rdd8 27. Rg1 g5 28. Bg3 Bd6
29. Qh2 gxh4 30. Bxh4 Bxe5 31. dxe5 Qxe5 32. f4 Qxe3 33. g5 Ne4 34. gxh6+ Kh8
35. Nxe4 Qxe4+ 36. Bg2 Qf5 37. Bxd8 Rxd8 38. Qh4 Qf6 39. Qh2 d4 40. Be4 Re8 41.
Rge1 Nf8 42. Bf3 Rd8 43. Qh5 Qxf4 44. Re5 Ng6 45. Re4 Qf6 46. Rde1 Kh7 47. Rg4
Qxf3+ 0-1

[Event "Aeroflot Open 2011 B"]
[Site "Moscu RUS"]
[Date "2011.02.10"]
[Round "3.16"]
[White "Reshetnikov, Alexey"]
[Black "Gabuzyan, Hovhannes"]
[Result "1/2-1/2"]
[WhiteElo "2478"]
[BlackElo "2380"]
[PlyCount "89"]
[EventDate "2011.02.08"]
[EventType "swiss"]
[EventRounds "9"]
[EventCountry "RUS"]
[Source "lmi"]
[SourceDate "2011.02.08"]

1. e4 c5 2. Nf3 d6 3. d4 cxd4 4. Nxd4 Nf6 5. Nc3 a6 6. Be2 e5 7. Nb3 Be7 8. O-O
O-O 9. Re1 Nbd7 10. a4 b6 11. Bc4 Bb7 12. Nd5 Rc8 13. Qd3 Nxd5 14. Bxd5 Bxd5
15. exd5 a5 16. c3 Bg5 17. Qb5 Bxc1 18. Raxc1 Qc7 19. Nd2 f5 20. h3 e4 21. Nb3
Ne5 22. Rb1 Qf7 23. Nd4 Qg6 24. Ne6 f4 25. Nxf8 Rxf8 26. Qf1 Nf3+ 27. Kh1 Nd2
28. Qg1 Nxb1 29. Rxb1 Qh5 30. c4 f3 31. Re1 Qh4 32. Re3 fxg2+ 33. Kxg2 Rf4 34.
Qe1 Qf6 35. b3 h5 36. Kf1 Qf5 37. Kg2 Rf3 38. Rxe4 Qxh3+ 39. Kg1 Rf6 40. Re3
Qf5 41. Re8+ Kh7 42. Qe4 Rg6+ 43. Kf1 Qh3+ 44. Ke1 Qc3+ 45. Ke2 1/2-1/2

[Event "Aeroflot Open 2011 B"]
[Site "Moscu RUS"]
[Date "2011.02.10"]
[Round "3.17"]
[White "Korchmar, Vasiliy"]
[Black "Kuderinov, Kirill"]
[Result "0-1"]
[WhiteElo "2216"]
[BlackElo "2469"]
[PlyCount "62"]
[EventDate "2011.02.08"]
[EventType "swiss"]
[EventRounds "9"]
[EventCountry "RUS"]
[Source "lmi"]
[SourceDate "2011.02.08"]

1. e4 e5 2. Nf3 Nc6 3. d4 exd4 4. Nxd4 Bc5 5. Nxc6 Qf6 6. Qf3 Qxf3 7. gxf3 dxc6
8. Bc4 Ne7 9. Be3 Bd6 10. f4 Be6 11. Nd2 Ng6 12. f5 Bxc4 13. Nxc4 Ne5 14. Nxe5
Bxe5 15. O-O-O g6 16. f4 Bg7 17. Bd4 Bxd4 18. Rxd4 Rd8 19. Rxd8+ Kxd8 20. Rd1+
Ke7 21. f6+ Kxf6 22. Rd7 Rc8 23. f5 gxf5 24. exf5 Re8 25. Rxc7 Re7 26. Rc8 Kxf5
27. Kd2 Kf4 28. Ra8 a6 29. Rf8 f5 30. Kd3 Kg4 31. Rg8+ Kf3 0-1

[Event "Aeroflot Open 2011 B"]
[Site "Moscu RUS"]
[Date "2011.02.10"]
[Round "3.18"]
[White "Shaposhnikov, Evgeny"]
[Black "Feuerstack, Aljoscha"]
[Result "1/2-1/2"]
[WhiteElo "2549"]
[BlackElo "2404"]
[PlyCount "45"]
[EventDate "2011.02.08"]
[EventType "swiss"]
[EventRounds "9"]
[EventCountry "RUS"]
[Source "lmi"]
[SourceDate "2011.02.08"]

1. e4 c6 2. d4 d5 3. Nd2 dxe4 4. Nxe4 Bf5 5. Ng3 Bg6 6. h4 h6 7. Nf3 Nd7 8. h5
Bh7 9. Bd3 Bxd3 10. Qxd3 e6 11. Bd2 Ngf6 12. O-O-O Be7 13. Qe2 O-O 14. Nf1 c5
15. g4 cxd4 16. g5 Nd5 17. gxh6 Qb6 18. Rg1 Ba3 19. Rxg7+ Kh8 20. Rh7+ Kg8 21.
Rg7+ Kh8 22. Rh7+ Kg8 23. Rg7+ 1/2-1/2

[Event "Aeroflot Open 2011 B"]
[Site "Moscu RUS"]
[Date "2011.02.10"]
[Round "3.19"]
[White "Sieciechowicz, Marcin"]
[Black "Lenderman, Aleksandr"]
[Result "0-1"]
[WhiteElo "2441"]
[BlackElo "2549"]
[PlyCount "102"]
[EventDate "2011.02.08"]
[EventType "swiss"]
[EventRounds "9"]
[EventCountry "RUS"]
[Source "lmi"]
[SourceDate "2011.02.08"]

1. d4 Nf6 2. c4 e6 3. Nf3 d5 4. Nc3 Bb4 5. Bg5 h6 6. Bxf6 Qxf6 7. Qa4+ Nc6 8.
e3 O-O 9. Rc1 dxc4 10. Bxc4 e5 11. dxe5 Bxc3+ 12. Rxc3 Nxe5 13. Nxe5 Qxe5 14.
O-O Rd8 15. Qb3 Qe7 16. e4 c6 17. Rf3 Be6 18. Bxe6 Qxe6 19. Qxe6 fxe6 20. Rb3
b6 21. Rc3 c5 22. f3 Rd2 23. Rf2 Rd1+ 24. Rf1 Rad8 25. Rc2 R1d4 26. Rfc1 Kf7
27. Kf1 Kf6 28. Ke1 Ke5 29. Rc4 Rd2 30. R4c2 R2d7 31. Rb1 Rd4 32. b3 g5 33. Ke2
h5 34. Re1 g4 35. g3 gxf3+ 36. Kxf3 Rd2 37. Re2 R8d3+ 38. Kg2 Rxc2 39. Rxc2
Kxe4 40. Kh3 Rd4 41. Re2+ Kd5 42. Rf2 b5 43. Rf7 c4 44. Rxa7 c3 45. Rc7 b4 46.
a4 bxa3 47. Rxc3 a2 48. Rc1 Rd2 49. b4 Kd4 50. b5 Rb2 51. Rf1 Kc5 0-1

[Event "Aeroflot Open 2011 B"]
[Site "Moscu RUS"]
[Date "2011.02.10"]
[Round "3.20"]
[White "Batchuluun, Tsegmed"]
[Black "Kunin, Vitaly"]
[Result "0-1"]
[WhiteElo "2424"]
[BlackElo "2548"]
[PlyCount "50"]
[EventDate "2011.02.08"]
[EventType "swiss"]
[EventRounds "9"]
[EventCountry "RUS"]
[Source "lmi"]
[SourceDate "2011.02.08"]

1. d4 d6 2. Nf3 Bg4 3. c4 Bxf3 4. exf3 e6 5. Nc3 Nf6 6. Qb3 Qc8 7. Be3 g6 8.
Be2 Bg7 9. O-O O-O 10. f4 c6 11. d5 exd5 12. cxd5 c5 13. f5 Qxf5 14. Qxb7 Nbd7
15. Qc6 Rab8 16. Qxd6 Rxb2 17. Rac1 h5 18. h3 Ne8 19. Qa6 Bxc3 20. Rxc3 Nc7 21.
Qd6 Nxd5 22. Rd3 N7f6 23. Bxc5 Rc8 24. Bd4 Rxe2 25. Rf3 Qe6 0-1

[Event "Aeroflot Open 2011 B"]
[Site "Moscu RUS"]
[Date "2011.02.10"]
[Round "3.21"]
[White "Ulibin, Mikhail"]
[Black "Abbasifar, Hasan"]
[Result "1/2-1/2"]
[WhiteElo "2547"]
[BlackElo "2411"]
[PlyCount "63"]
[EventDate "2011.02.08"]
[EventType "swiss"]
[EventRounds "9"]
[EventCountry "RUS"]
[Source "lmi"]
[SourceDate "2011.02.08"]

1. e4 e5 2. Nf3 Nc6 3. Bb5 Nf6 4. O-O Nxe4 5. d4 Nd6 6. Bxc6 dxc6 7. dxe5 Nf5
8. Qxd8+ Kxd8 9. Nc3 h6 10. h3 Bd7 11. b3 c5 12. Rd1 Kc8 13. Nd5 g5 14. Bb2 Be6
15. c4 b6 16. Nf6 Kb7 17. Rd2 Ne7 18. Rad1 Nc6 19. Bc3 a5 20. a4 Be7 21. h4
gxh4 22. Nxh4 Rad8 23. Kf1 Rxd2 24. Rxd2 Rd8 25. Rxd8 Bxd8 26. f4 Bxf6 27. exf6
Bg4 28. Ke1 Kc8 29. Ng6 Kd7 30. Ne5+ Nxe5 31. Bxe5 Kc6 32. Kf2 1/2-1/2

[Event "Aeroflot Open 2011 B"]
[Site "Moscu RUS"]
[Date "2011.02.10"]
[Round "3.22"]
[White "Romanko, Marina"]
[Black "Gabrielian, Artur"]
[Result "1-0"]
[WhiteElo "2404"]
[BlackElo "2543"]
[PlyCount "59"]
[EventDate "2011.02.08"]
[EventType "swiss"]
[EventRounds "9"]
[EventCountry "RUS"]
[Source "lmi"]
[SourceDate "2011.02.08"]

1. d4 Nf6 2. c4 g6 3. Nf3 Bg7 4. g3 O-O 5. Bg2 d5 6. cxd5 Nxd5 7. O-O Nb6 8.
Nc3 Nc6 9. e3 Re8 10. Re1 a5 11. Qe2 e5 12. Nxe5 Nxe5 13. dxe5 Bxe5 14. e4 Be6
15. f4 Bxc3 16. bxc3 Bd7 17. Qf2 Bc6 18. Ba3 Qf6 19. Rad1 Rad8 20. Rd4 h5 21.
Bc5 Qe6 22. f5 gxf5 23. Rxd8 Rxd8 24. exf5 Qc4 25. Bxc6 bxc6 26. Bd4 f6 27.
Bxf6 Rf8 28. Bd4 Qf7 29. Qf4 Qxf5 30. Qh6 1-0

[Event "Aeroflot Open 2011 B"]
[Site "Moscu RUS"]
[Date "2011.02.10"]
[Round "3.23"]
[White "Pridorozhni, Aleksei"]
[Black "Predke, Alexandr"]
[Result "0-1"]
[WhiteElo "2543"]
[BlackElo "2415"]
[PlyCount "106"]
[EventDate "2011.02.08"]
[EventType "swiss"]
[EventRounds "9"]
[EventCountry "RUS"]
[Source "lmi"]
[SourceDate "2011.02.08"]

1. e4 e5 2. Bc4 Nf6 3. d3 Nc6 4. Nc3 Na5 5. Qf3 Bb4 6. Nge2 Nxc4 7. dxc4 d6 8.
h3 Be6 9. b3 c6 10. O-O h6 11. a3 Ba5 12. Rd1 Qe7 13. a4 O-O 14. Ba3 Rfd8 15.
Rd3 Bc7 16. Rad1 a6 17. Ng3 b5 18. cxb5 axb5 19. Nf5 Bxf5 20. Qxf5 bxa4 21.
Nxa4 g6 22. Qf3 Qe6 23. c4 Kg7 24. Bc1 Ng8 25. Qe2 g5 26. h4 f6 27. h5 f5 28.
exf5 Qxf5 29. Rf3 Qe6 30. Qe4 Ne7 31. Bb2 Rf8 32. Nc3 Rxf3 33. Qxf3 Qf7 34. Qe2
Kg8 35. Ne4 d5 36. cxd5 cxd5 37. Nc5 e4 38. Nd7 Ra2 39. Rd2 Qf4 40. Nf6+ Kf7
41. Ng4 Rxb2 42. Rxb2 Qc1+ 43. Qf1 Qxb2 44. g3 Be5 45. Nxh6+ Kg7 46. Ng4 Qa1
47. Nxe5 Qxe5 48. b4 e3 49. Qe2 d4 50. Kf1 Qe4 51. fxe3 Nf5 52. Qa6 Nxe3+ 53.
Ke1 Qh1+ 0-1

[Event "Aeroflot Open 2011 B"]
[Site "Moscu RUS"]
[Date "2011.02.10"]
[Round "3.24"]
[White "Panarin, Mikhail"]
[Black "Vishnu, Prasanna V"]
[Result "1/2-1/2"]
[WhiteElo "2533"]
[BlackElo "2369"]
[PlyCount "64"]
[EventDate "2011.02.08"]
[EventType "swiss"]
[EventRounds "9"]
[EventCountry "RUS"]
[Source "lmi"]
[SourceDate "2011.02.08"]

1. e4 c5 2. Nf3 d6 3. d4 cxd4 4. Nxd4 Nf6 5. Nc3 Nc6 6. Bc4 e6 7. Be3 a6 8. Bb3
Qc7 9. f4 Be7 10. O-O O-O 11. Qf3 Bd7 12. f5 Nxd4 13. Bxd4 b5 14. fxe6 fxe6 15.
Qh3 Qc8 16. Rae1 Kh8 17. e5 dxe5 18. Bxe5 a5 19. a3 b4 20. axb4 axb4 21. Ne2
Qc5+ 22. Bd4 e5 23. Qxd7 Nxd7 24. Bxc5 Bxc5+ 25. Kh1 Nf6 26. Ng3 Bd4 27. Nf5
Bxb2 28. Nd6 Bc3 29. Re2 h6 30. g3 Kh7 31. Nb5 Bb2 32. Kg2 e4 1/2-1/2

[Event "Aeroflot Open 2011 B"]
[Site "Moscu RUS"]
[Date "2011.02.10"]
[Round "3.25"]
[White "Matinian, Nikita"]
[Black "Durarbeyli, Vasif"]
[Result "1/2-1/2"]
[WhiteElo "2339"]
[BlackElo "2504"]
[PlyCount "64"]
[EventDate "2011.02.08"]
[EventType "swiss"]
[EventRounds "9"]
[EventCountry "RUS"]
[Source "lmi"]
[SourceDate "2011.02.08"]

1. e4 c5 2. Nf3 d6 3. d4 cxd4 4. Nxd4 Nf6 5. Nc3 e6 6. Be3 a6 7. f4 Qc7 8. Qf3
b5 9. Bd3 Bb7 10. g4 Nc6 11. g5 Nd7 12. O-O-O Nc5 13. Kb1 Nb4 14. h4 Rc8 15.
Be2 Nxc2 16. Nxc2 Nxe4 17. Qh3 b4 18. Nxb4 Nxc3+ 19. bxc3 Rb8 20. Bh5 Be4+ 21.
Kb2 Rxb4+ 22. cxb4 Qc2+ 23. Ka3 Qc3+ 24. Ka4 Qc6+ 25. Kb3 Qc2+ 26. Ka3 Qc3+ 27.
Ka4 Qc6+ 28. Kb3 Qc2+ 29. Ka3 Qc3+ 30. Ka4 Qc6+ 31. Kb3 Qc2+ 32. Ka3 Qc3+
1/2-1/2

[Event "Aeroflot Open 2011 B"]
[Site "Moscu RUS"]
[Date "2011.02.10"]
[Round "3.26"]
[White "Ismagambetov, Anuar"]
[Black "Poetsch, Hagen"]
[Result "1-0"]
[WhiteElo "2499"]
[BlackElo "2408"]
[PlyCount "117"]
[EventDate "2011.02.08"]
[EventType "swiss"]
[EventRounds "9"]
[EventCountry "RUS"]
[Source "lmi"]
[SourceDate "2011.02.08"]

1. e4 e6 2. d4 d5 3. Nc3 Nf6 4. e5 Nfd7 5. f4 c5 6. Nf3 Nc6 7. Be3 cxd4 8. Nxd4
Qb6 9. Qd2 Qxb2 10. Rb1 Qa3 11. Be2 a6 12. O-O Nxd4 13. Bxd4 Bc5 14. Kh1 Bxd4
15. Qxd4 b5 16. Bxb5 axb5 17. Nxb5 Ra4 18. Qd1 Qe7 19. Nd6+ Kd8 20. c4 Rxc4 21.
Qd2 Qf8 22. Rfc1 Rxc1+ 23. Rxc1 Ba6 24. Rc6 f6 25. Rxa6 Ke7 26. Qb4 fxe5 27.
Ne4+ Kf7 28. Ng5+ Kg6 29. Rxe6+ Kh5 30. Qe1 Qxf4 31. Nh3 Qg4 32. Rd6 Rf8 33.
Nf2 Rxf2 34. Qxf2 Nf6 35. Qf3 d4 36. Kg1 Kg5 37. Qxg4+ Kxg4 38. a4 Ne4 39. Rd7
Nc5 40. Rd5 Nxa4 41. Rxe5 Nc3 42. Kf2 Kf4 43. Re7 d3 44. g3+ Kf5 45. Ke1 Kf6
46. Re3 h5 47. Rxd3 Ne4 48. Ke2 Kf5 49. Rd5+ Kg4 50. Rd4 Kf5 51. Kf3 Ng5+ 52.
Ke3 Ne6 53. Ra4 g6 54. h3 Ng5 55. Ra5+ Kf6 56. h4 Ne6 57. Ke4 g5 58. Ra6 gxh4
59. gxh4 1-0

[Event "Aeroflot Open 2011 B"]
[Site "Moscu RUS"]
[Date "2011.02.10"]
[Round "3.27"]
[White "Arslanov, Shamil"]
[Black "Ovetchkin, Roman"]
[Result "1/2-1/2"]
[WhiteElo "2368"]
[BlackElo "2498"]
[PlyCount "39"]
[EventDate "2011.02.08"]
[EventType "swiss"]
[EventRounds "9"]
[EventCountry "RUS"]
[Source "lmi"]
[SourceDate "2011.02.08"]

1. e4 c6 2. d4 d5 3. exd5 cxd5 4. c4 Nf6 5. Nc3 e6 6. Nf3 Bb4 7. cxd5 Nxd5 8.
Qc2 Nc6 9. Bd3 h6 10. O-O O-O 11. Rd1 Bd6 12. Qe2 Re8 13. Bc2 Bd7 14. Ne5 Ncb4
15. Bb1 Nf6 16. Ne4 Nxe4 17. Qxe4 f5 18. Qf3 Bc6 19. Nxc6 bxc6 20. Bf4 1/2-1/2

[Event "Aeroflot Open 2011 B"]
[Site "Moscu RUS"]
[Date "2011.02.10"]
[Round "3.28"]
[White "Kurukin, Dmitry"]
[Black "Xu, Jun"]
[Result "1/2-1/2"]
[WhiteElo "2313"]
[BlackElo "2494"]
[PlyCount "65"]
[EventDate "2011.02.08"]
[EventType "swiss"]
[EventRounds "9"]
[EventCountry "RUS"]
[Source "lmi"]
[SourceDate "2011.02.08"]

1. d4 Nf6 2. c4 e6 3. Nf3 Bb4+ 4. Bd2 a5 5. g3 d6 6. Nc3 Nbd7 7. Qc2 b6 8. Bg2
Bb7 9. O-O O-O 10. Rfe1 Bxc3 11. Bxc3 Be4 12. Qc1 Qb8 13. Bf1 Bb7 14. Nd2 d5
15. b3 Rc8 16. Qb2 c5 17. dxc5 bxc5 18. cxd5 exd5 19. e3 Qd6 20. Bg2 Qb6 21.
Rab1 Re8 22. a3 h6 23. b4 axb4 24. axb4 d4 25. exd4 Rxe1+ 26. Rxe1 Bxg2 27.
Kxg2 cxb4 28. Qxb4 Qc6+ 29. d5 Nxd5 30. Qe4 Qxc3 31. Qxd5 Nb6 32. Qd6 Nc4 33.
Qd5 1/2-1/2

[Event "Aeroflot Open 2011 B"]
[Site "Moscu RUS"]
[Date "2011.02.10"]
[Round "3.29"]
[White "Petrosian, Davit G"]
[Black "Yuferev, Oleg"]
[Result "1/2-1/2"]
[WhiteElo "2485"]
[BlackElo "2367"]
[PlyCount "57"]
[EventDate "2011.02.08"]
[EventType "swiss"]
[EventRounds "9"]
[EventCountry "RUS"]
[Source "lmi"]
[SourceDate "2011.02.08"]

1. e4 e6 2. d4 d5 3. Nc3 Nc6 4. Nf3 Nf6 5. e5 Ne4 6. Bb5 Bd7 7. Bd3 Nxc3 8.
bxc3 Na5 9. Ng5 g6 10. Qf3 Qe7 11. h4 c5 12. h5 Bg7 13. a4 Nc6 14. h6 Nxe5 15.
dxe5 Bxe5 16. Bb5 O-O 17. Bxd7 Qxd7 18. O-O Rad8 19. Re1 Bh8 20. Qh3 Qc7 21.
Rb1 Rfe8 22. f4 b6 23. Bd2 Qc6 24. Re2 Qxa4 25. Rbe1 Qd7 26. Nf3 Qa4 27. Ng5
Qd7 28. Nf3 Qa4 29. Ng5 1/2-1/2

[Event "Aeroflot Open 2011 B"]
[Site "Moscu RUS"]
[Date "2011.02.10"]
[Round "3.30"]
[White "Bogdanovich, Stanislav"]
[Black "Malek, Daniel"]
[Result "1/2-1/2"]
[WhiteElo "2484"]
[BlackElo "2340"]
[PlyCount "97"]
[EventDate "2011.02.08"]
[EventType "swiss"]
[EventRounds "9"]
[EventCountry "RUS"]
[Source "lmi"]
[SourceDate "2011.02.08"]

1. d4 e6 2. c4 Nf6 3. Nf3 b6 4. g3 Bb7 5. Bg2 Be7 6. O-O O-O 7. Nc3 Ne4 8. Bd2
Bf6 9. Rc1 c5 10. d5 exd5 11. cxd5 Nxd2 12. Nxd2 d6 13. Nc4 Ba6 14. Qb3 Bxc4
15. Qxc4 a6 16. a4 Nd7 17. f4 Re8 18. e4 Ra7 19. Kh1 Bd4 20. Qd3 h5 21. Rc2 g6
22. Ne2 Bg7 23. Ng1 Qb8 24. Ra1 Nf6 25. Re2 Rae7 26. Rae1 b5 27. b3 h4 28. Nf3
hxg3 29. hxg3 Nd7 30. axb5 axb5 31. Bh3 c4 32. bxc4 Nc5 33. Qc2 b4 34. e5 dxe5
35. fxe5 Bxe5 36. Nxe5 Rxe5 37. Be6 Rh5+ 38. Kg2 Rxe6 39. Rxe6 Nxe6 40. dxe6
Qb7+ 41. Qe4 Qxe4+ 42. Rxe4 fxe6 43. Rxe6 Rc5 44. Rxg6+ Kf7 45. Rg4 b3 46. Rf4+
Kg6 47. Rf3 b2 48. Rb3 Rxc4 49. Rxb2 1/2-1/2

[Event "Aeroflot Open 2011 B"]
[Site "Moscu RUS"]
[Date "2011.02.10"]
[Round "3.31"]
[White "Hernandez, Alexander"]
[Black "Krapivin, Alexander"]
[Result "0-1"]
[WhiteElo "2285"]
[BlackElo "2476"]
[PlyCount "98"]
[EventDate "2011.02.08"]
[EventType "swiss"]
[EventRounds "9"]
[EventCountry "RUS"]
[Source "lmi"]
[SourceDate "2011.02.08"]

1. e4 c5 2. Nf3 e6 3. d4 cxd4 4. Nxd4 Nf6 5. Nc3 Nc6 6. g3 Be7 7. Bg2 O-O 8.
O-O d6 9. b3 Bd7 10. Nce2 e5 11. Nb5 a6 12. Nbc3 Rc8 13. Nd5 Nxd5 14. exd5 Nb8
15. f4 Qc7 16. c3 Bg4 17. Bf3 Bxf3 18. Rxf3 Nd7 19. Be3 exf4 20. gxf4 Bf6 21.
Bd4 b5 22. Ng3 Rfe8 23. Nf5 g6 24. Bxf6 Nxf6 25. Qd4 Qd8 26. Ng3 Nd7 27. Ne4
Qe7 28. Ng3 Qf6 29. Qxf6 Nxf6 30. Rd1 Rc5 31. Rfd3 h5 32. h4 Kg7 33. Kg2 Rc7
34. Kf3 Rce7 35. c4 bxc4 36. bxc4 Rc7 37. Rc1 Rec8 38. Rd4 Rc5 39. Ne4 Nxe4 40.
Kxe4 Ra5 41. Rd2 Ra3 42. c5 Re8+ 43. Kd4 Ra4+ 44. Kd3 dxc5 45. Rxc5 Rxf4 46. d6
Rd8 47. Ke3 Rxh4 48. d7 Kf8 49. Ra5 Rb4 0-1